000 00627nam a22002297a 4500
003 DO-SdBNP
005 20180125135054.0
008 151027b sp 1970 || |||| 00| 0 spa d
040 _aBPMSU
_bspa
_cBPMSU
092 _axxxxxxxx
_bxxxxxxxx
100 1 _aSalgari, Emilio
245 1 4 _aLos dos rivales /
_cEmilio Salgari
260 _aEspaƱa :
_bBruguera,
_c1970.
300 _a190 p. :
_bil.,
_c20 cm.
490 1 _aHistorias
490 1 _aEmilio Salgari
_v4
830 0 _aHistorias
830 0 _aEmilio Salgari
_n4
942 _2ddc
_cBK
945 _aInventariado, 2018 / BT
956 _aBTAVAREZ
_b10
_d20180125
_fBPMSU
_h0038
999 _c8475
_d8475